000 00548nam a22002297a 4500
001 64597
003 UA-OsUOA
005 20211024182337.0
007 ta
008 20091106b un ||||| |||| 00| 0 ukr d
040 _aUA-OsUOA
_brus
_cUA-OsUOA
_dUA-OsUOA
041 _arus
080 _a94(47+57)
090 _a94(47+57)
_bГ63
100 _aГольман Л. И.
245 _aЭнгельс - историк
260 _aМ.
_bМысль
_c1984
300 _a415 с.
650 7 _a94 Історія
_2UDC
942 _cBK
_2udc
955 _a3
999 _c350736
_d350736